000 00466nam a2200181Ia 4500
003 GCL
008 140319s9999 xx 000 0 ara d
040 _aGCL /
_cGCL
082 0 4 _a813.03
_bص ن
100 1 _aصلاح طنطاوى
245 1 0 _aالناس والحجاره قصص قصيرة /
_cصلاح طنطاوى
300 _a167 ص
490 _a
650 0 4 _aالادب العربى
650 0 4 _aالادب
650 0 4 _aالقصة
942 _2ddc
_cBK
999 _c40162
_d40162